Statistics for Taylor Swift Songs Starting with G

Click here to take the quiz!

General Stats

  • This quiz has been taken 289 times
  • The average score is 4 of 7

Answer Stats

Song% Correct
Gorgeous
87%
Getaway Car
82%
The Great War
55%
gold rush
53%
Girl At Home (Taylor's Version)
50%
Glitch
45%
Gasoline (HAIM ft.Taylor Swift)
27%

Score Distribution

Percentile by Number Answered

Percent of People with Each Score

Your Score History

You have not taken this quiz